Derecho del trabajo actual : (Registro nro. 5891)
[ vista simple ]
| 000 -LEADER | |
|---|---|
| fixed length control field | 01142nam a2200253Ia 4500 |
| 003 - CONTROL NUMBER IDENTIFIER | |
| control field | OSt |
| 005 - DATE AND TIME OF LATEST TRANSACTION | |
| control field | 20200811182111.0 |
| 008 - FIXED-LENGTH DATA ELEMENTS--GENERAL INFORMATION | |
| fixed length control field | 191128s2012 c fr 000 0ds d |
| 020 ## - INTERNATIONAL STANDARD BOOK NUMBER | |
| International Standard Book Number | 9789587107890 |
| 040 ## - CATALOGING SOURCE | |
| Original cataloging agency | CO-JMCR |
| Transcribing agency | CO-JMCR |
| 041 0# - LANGUAGE CODE | |
| Language code of text/sound track or separate title | spa |
| 082 04 - DEWEY DECIMAL CLASSIFICATION NUMBER | |
| Classification number | 344.001 / |
| Item number | B475d |
| Edition number | 23 |
| 100 1# - MAIN ENTRY--PERSONAL NAME | |
| Personal name | Benítez Pinedo, Jorge Marío, |
| Relator term | autor |
| 9 (RLIN) | 8628 |
| 245 10 - TITLE STATEMENT | |
| Title | Derecho del trabajo actual : |
| Remainder of title | escritos en homenaje a la Universidad Externado de Colombia en sus 125 años / |
| Statement of responsibility, etc. | Jorge Marío Benítez Pinedo, katerine Bermúdez Alarcón, Aldo Guarín Durán [y otros 11] |
| 260 ## - PUBLICATION, DISTRIBUTION, ETC. | |
| Place of publication, distribution, etc. | Bogotá : |
| Name of publisher, distributor, etc. | Universidad Externado de Colombia, |
| Date of publication, distribution, etc. | 2012 |
| 300 ## - PHYSICAL DESCRIPTION | |
| Extent | 412 páginas ; |
| Dimensions | 24 cm. |
| 500 ## - GENERAL NOTE | |
| General note | Incluye datos biográficos de los autores. |
| 505 0# - FORMATTED CONTENTS NOTE | |
| Formatted contents note | Las normas internacionales del trabajo y el bloque de constitucionalidad: valor normativo y eficacia en el ordenamiento jurídico colombiano / Jorge Humberto Valero |
| 650 14 - SUBJECT ADDED ENTRY--TOPICAL TERM | |
| Topical term or geographic name entry element | Derecho laboral |
| General subdivision | jurisprudencia |
| 9 (RLIN) | 8629 |
| 650 14 - SUBJECT ADDED ENTRY--TOPICAL TERM | |
| Topical term or geographic name entry element | Procedimiento laboral |
| 9 (RLIN) | 8630 |
| 700 1# - ADDED ENTRY--PERSONAL NAME | |
| Personal name | Bermúdez Alarcón, katerine, |
| Relator term | autora |
| 9 (RLIN) | 8631 |
| 700 1# - ADDED ENTRY--PERSONAL NAME | |
| Personal name | Guarín Durán, Aldo, |
| Relator term | autor |
| 9 (RLIN) | 8632 |
| 942 ## - ADDED ENTRY ELEMENTS (KOHA) | |
| Source of classification or shelving scheme | Dewey Decimal Classification |
| Koha item type | Books |
| Withdrawn status | Lost status | Source of classification or shelving scheme | Damaged status | Not for loan | Collection code | Home library | Current library | Date acquired | Source of acquisition | Total Checkouts | Full call number | Barcode | Date last seen | Date last checked out | Copy number | Koha item type |
|---|---|---|---|---|---|---|---|---|---|---|---|---|---|---|---|---|
| Dewey Decimal Classification | Non-fiction | Biblioteca Pública José María del Castillo y Rada | Biblioteca Pública José María del Castillo y Rada | 04/15/2018 | Donación | 1 | 344.001 / B475d | 430007354 | 05/16/2024 | 12/04/2023 | Ej.1 | Books |